|
|
|
|
| LEADER |
01854nam a22003497a 4500 |
| 001 |
38978 |
| 003 |
BD-DhAAL |
| 008 |
220621t2021 nyua b 001 0 eng d |
| 999 |
|
|
|c 44411
|d 44411
|
| 020 |
|
|
|a 9781264258635
|
| 020 |
|
|
|a 1264258631
|
| 040 |
|
|
|a BD-DhAAL
|c BD-DhAAL
|
| 082 |
0 |
0 |
|a 615.7
|2 22
|
| 245 |
0 |
0 |
|a Basic & clinical pharmacology /
|c edited by Bertram G. Katzung, associate editors Todd W. Vanderah
|
| 246 |
3 |
|
|a Basic and clinical pharmacology
|
| 250 |
|
|
|a Fifteenth edition
|
| 260 |
|
|
|a New York :
|b McGraw Hill,
|c c2021.
|
| 300 |
|
|
|a xi, 1311 pages :
|b illustrations ;
|c 28 cm.
|
| 504 |
|
|
|a Includes bibliographical references and index.
|
| 526 |
|
|
|a PHR
|
| 541 |
|
|
|a Book Finder International
|e 38978, 38979, 38980, 38981
|
| 650 |
|
0 |
|a Clinical pharmacology.
|9 43787
|
| 650 |
|
0 |
|a Pharmacology.
|9 43788
|
| 650 |
|
0 |
|a Pharmacy.
|9 43789
|
| 700 |
1 |
|
|a Katzung, Bertram G.
|9 43790
|
| 700 |
1 |
|
|a Vanderah, Todd W.
|9 49548
|
| 852 |
4 |
|
|a Ayesha Abed Library
|c General Stacks
|
| 942 |
|
|
|2 ddc
|c BK
|
| 952 |
|
|
|0 0
|1 0
|2 ddc
|4 0
|6 615_700000000000000_BAS
|7 0
|9 71054
|a BRACUL
|b BRACUL
|c GEN
|d 2022-06-19
|e Book Finder International
|g 1823.43
|l 2
|m 29
|o 615.7 BAS
|p 3010038980
|r 2025-12-21
|s 2025-10-06
|t 3
|v 1823.43
|w 2022-06-19
|y BK
|
| 952 |
|
|
|0 0
|1 0
|2 ddc
|4 0
|6 615_700000000000000_BAS
|7 0
|9 71055
|a BRACUL
|b BRACUL
|c GEN
|d 2022-06-19
|e Book Finder International
|g 1823.43
|l 1
|o 615.7 BAS
|p 3010038979
|r 2023-10-03
|s 2023-09-26
|t 2
|v 1823.43
|w 2022-06-19
|y BK
|
| 952 |
|
|
|0 0
|1 0
|2 ddc
|4 0
|6 615_700000000000000_BAS
|7 0
|9 71056
|a BRACUL
|b BRACUL
|c GEN
|d 2022-06-19
|e Book Finder International
|g 1823.43
|l 2
|m 33
|o 615.7 BAS
|p 3010038981
|r 2025-10-18
|s 2025-06-23
|t 4
|v 1823.43
|w 2022-06-19
|y BK
|
| 952 |
|
|
|0 0
|1 0
|2 ddc
|4 0
|6 615_700000000000000_BAS
|7 0
|9 71057
|a BRACUL
|b BRACUL
|c GEN
|d 2022-06-19
|e Book Finder International
|g 1823.43
|l 3
|m 34
|o 615.7 BAS
|p 3010038978
|r 2026-05-14
|s 2026-05-10
|t 1
|v 1823.43
|w 2022-06-19
|y BK
|